1619 1813 1086 1274 1824 1541 1999 1938 1106 1463 1158 1791 1245 1270 1448 1249 1595 1091 1538 1500 1531 1149 1046 1509 1493 1490 1823 1080 1524 1275 1659 1039 1586 1935 1496 1487 1474 1557 1722 1674 1037 1867 1445 1929 1297 1941 1727 1210 1110 1437 1579 1634 1560 1574 1257 1497 1412 1155 1311 1825 1287 1565 1746 1327 1921 1462 1689 1552 1287 1530 1374 1840 1391 1642 1078 1310 1232 1380 1651 1834 1472 1069 1392 1409 1747 1223 1967 1907 1058 1059 1015 1502 1245 1226 1590 1467 1356 1222 1158 BCNSPRNW ULIB Ver.6.0+V

เปลี่ยนเป็นภาษาไทย

Change to English
 แสดงรายละเอียดบรรณานุกรม
  กลับหน้าหลัก

Brief Record : Get Marc (ISO 2709) : E-mail record : QR code < ปิดหน้าต่าง
LEADER : 00000nam 2200000uu 4500
001    13399113284
003     ULIB
008    111005s2543||||th 000 0 tha d
020    9748211746
050 04 SB484.T5^bอ817น 2543
100 0  สุวัฒน์ อัศวไชยชาญ
245 00 อุทยานแห่งชาติน้ำหนาว /^c[บรรณาธิการ, สุวัฒน์ อัศวไชยชาญ]
250    พิมพ์ครั้งที่ 2
260    กรุงเทพฯ :^bสารคดี,^c2543
300    155 หน้า :^bภาพประกอบสี, แผนที่ ;^c21 ซม
440  0 คู่มือชุดท่องเที่ยวอุทยาน
651  7 อุทยานแห่งชาติน้ำหนาว
651  7 เพชรบูรณ์^xภูมิประเทศและการท่องเที่ยว
700 0  สุวัฒน์ อัศวไชยชาญ
945    ^p250^l0^i015975
995    ทศพร
999 ^a ทศพร
รายการนี้ยังไม่มีแท็ก
คุณยังไม่ได้ล็อกอิน คุณสามารถมีกิจกรรมร่วมกับเว็บไซต์ได้ แต่ต้องล็อกอินก่อน ::
  ล็อกอิน

รายการสื่อสารสนเทศ

ลำดับที่ ประเภท เลขเรียก/บาร์โค้ด สถานที่ สถานะ
- ไม่พบข้อมูล -

รายการใกล้เคียง
    ผู้แต่ง [สุวัฒน์ อัศวไชยชาญ]

BibComment


ยังไม่เคยถูกคอมเมนท์

คอมเมนท์ทรัพยากรรายการนี้
  คอมเมนท์: อุทยานแห่งชาติน้ำ..


 Copyright 2026. Bcnsprnw @Library